000 00489nam a2200193Ia 4500
005 20140403094156.0
008 140130s9999 xx 000 0 und d
020 _a059022378x
050 _aPZ 7
_b.B380544Wh 1992
100 _aBeatty, Patricia
_931359
245 _cPatricia Beatty.
_aWho Comes With Cannons? /
260 _bScholastic,
_c1992.
_aUSA :
300 _a186 p. :
_c20 cm.
440 _v1
_931174
521 _aG5
526 _c760
942 _cBK
_2lcc
999 _c41104
_d41104